000 00517nam a2200229Ia 4500
003 IT-RoPAU
008 120407s9999 xx 000 0 und d
040 _aIT-RoPAU
040 _cIT-RoPAU
041 _aita
100 _aGibran Kahlil
245 _aIl profeta. Trad. e introduzione di Paolo Ruffilli
250 _aCinisello Balsamo
260 _aEdizioni Paoline
260 _c1989
300 _a177 p.
300 _c20,1 cm
490 _aPoesia uomo, 1
490 _v1
942 _cBK
999 _c27313
_d27313